Detalles MARC
| 000 -CABECERA |
| Longitud fija campo de control |
01970nam a2200457 c 4500 |
| 001 - NÚMERO DE CONTROL |
| Número de control |
22444 |
| 003 - IDENTIFICADOR DE NÚMERO DE CONTROL |
| Identificador del número de control |
ES-MaCES |
| 005 - FECHA Y HORA DE LA ÚLTIMA TRANSACCIÓN |
| Fecha y hora de la última transacción |
20250213112916.0 |
| 008 - CAMPO FIJO DE DESCRIPCIÓN FIJA--INFORMACIÓN GENERAL |
| Códigos de información de longitud fija |
090918s2009 sp d o000 | spa d |
| 017 ## - NÚMERO DE REGISTRO DE DERECHOS DE AUTOR Y DEPÓSITO LEGAL |
| Número de copyright o de depósito legal |
M 30096-2009 |
| Agencia que asigna el número |
DL |
| 020 ## - ISBN (INTERNATIONAL STANDARD BOOK NUMBER) |
| Número Internacional Normalizado para Libros (ISBN) |
9788484173380 |
| 024 7# - OTROS IDENTIFICADORES |
| Número normalizado o código |
790-09-149-9 |
| Fuente del número o código |
nipo |
| 024 7# - OTROS IDENTIFICADORES |
| Número normalizado o código |
790-09-148-3 |
| Fuente del número o código |
nipo |
| 035 ## - NÚMERO DE CONTROL DEL SISTEMA |
| Número de control del sistema |
CES20090009302m |
| 040 ## - FUENTE DE CATALOGACIÓN |
| Centro catalogador de origen |
ES-MaCES |
| Lengua de catalogación |
spa |
| Centro transcriptor |
ES-MaCES |
| 245 03 - MENCIÓN DE TÍTULO |
| Título |
La negociación colectiva en la explotación de recursos acuícolas |
| Resto del título |
: pesca, acuicultura y actividades afines |
| Mención de responsabilidad, etc. |
director, Jesús Cruz Villalón ; componentes del equipo investigador, Patrocinio Rodríguez-Ramos Velasco ... [et al.] |
| 260 ## - PUBLICACIÓN, DISTRIBUCIÓN, ETC (PIE DE IMPRENTA) |
| Lugar de publicación, distribución, etc. |
Madrid |
| Nombre del editor, distribuidor, etc. |
Ministerio de Trabajo e Inmigración, Subdirección General de Información Administrativa y Publicaciones |
| Fecha de publicación, distribución, etc. |
[2009] |
| 300 ## - DESCRIPCIÓN FÍSICA |
| Extensión |
385 p. |
| Otras características físicas |
gráf. bl. y n. |
| Dimensiones |
22 cm |
| Material anejo |
1 CD-ROM |
| 490 1# - MENCIÓN DE SERIE |
| Mención de serie |
Colección Informes y estudios. Serie Relaciones laborales |
| Designación de volumen o secuencia |
91 |
| 500 ## - NOTA GENERAL |
| Nota general |
En la cub., además: Comisión Consultiva Nacional de Convenios Colectivos |
| 500 ## - NOTA GENERAL |
| Nota general |
Publ. simultáneamente en CD-ROM |
| 541 ## - NOTA DE LA FUENTE INMEDIANTE DE ADQUISICIÓN |
| Forma de adquisición |
Gratuito |
| 650 #4 - ASIENTO SECUNDARIO DE MATERIA--TÉRMINO DE MATERIA |
| Término de materia o nombre geográfico como elemento inicial |
pesca |
| 9 (RLIN) |
27611 |
| 650 #4 - ASIENTO SECUNDARIO DE MATERIA--TÉRMINO DE MATERIA |
| Término de materia o nombre geográfico como elemento inicial |
acuicultura |
| 9 (RLIN) |
29721 |
| 650 #4 - ASIENTO SECUNDARIO DE MATERIA--TÉRMINO DE MATERIA |
| Término de materia o nombre geográfico como elemento inicial |
industria pesquera |
| 9 (RLIN) |
27608 |
| 650 #4 - ASIENTO SECUNDARIO DE MATERIA--TÉRMINO DE MATERIA |
| Término de materia o nombre geográfico como elemento inicial |
negociación colectiva |
| 9 (RLIN) |
28362 |
| 650 #4 - ASIENTO SECUNDARIO DE MATERIA--TÉRMINO DE MATERIA |
| Término de materia o nombre geográfico como elemento inicial |
convenio colectivo |
| 9 (RLIN) |
28361 |
| 650 #4 - ASIENTO SECUNDARIO DE MATERIA--TÉRMINO DE MATERIA |
| Término de materia o nombre geográfico como elemento inicial |
condiciones de trabajo |
| 9 (RLIN) |
28327 |
| 650 #4 - ASIENTO SECUNDARIO DE MATERIA--TÉRMINO DE MATERIA |
| Término de materia o nombre geográfico como elemento inicial |
condiciones de empleo |
| 9 (RLIN) |
30040 |
| 650 #4 - ASIENTO SECUNDARIO DE MATERIA--TÉRMINO DE MATERIA |
| Término de materia o nombre geográfico como elemento inicial |
España |
| 9 (RLIN) |
26964 |
| 650 #4 - ASIENTO SECUNDARIO DE MATERIA--TÉRMINO DE MATERIA |
| Término de materia o nombre geográfico como elemento inicial |
CD ROM |
| 9 (RLIN) |
30331 |
| 653 10 - TÉRMINO DE INDEXACIÓN--NO CONTROLADO |
| Término no controlado |
Relaciones laborales-Empleo |
| 700 1# - ENCABEZAMIENTO SECUNDARIO--NOMBRE PERSONAL |
| Nombre de persona |
Rodríguez Ramos, Patrocinio |
| 9 (RLIN) |
22420 |
| 700 1# - ENCABEZAMIENTO SECUNDARIO--NOMBRE PERSONAL |
| Nombre de persona |
Cruz Villalón, Jesús |
| Término indicativo de función |
dir. |
| 9 (RLIN) |
10216 |
| 710 1# - ENCABEZAMIENTO SECUNDARIO--NOMBRE CORPORATIVO |
| Nombre de entidad o nombre de jurisdicción como elemento inicial |
España |
| Unidad subordinada |
Ministerio de Trabajo e Inmigración |
| Término indicativo de función |
ed. |
| 9 (RLIN) |
3272 |
| 710 1# - ENCABEZAMIENTO SECUNDARIO--NOMBRE CORPORATIVO |
| Nombre de entidad o nombre de jurisdicción como elemento inicial |
Comisión Consultiva Nacional de Convenios Colectivos (España) |
| 9 (RLIN) |
2011 |
| 830 #0 - ENCABEZAMIENTO SECUNDARIO DE COLECCIÓN--TÍTULO UNIFORME |
| Título uniforme |
Colección Informes y estudios (España. Ministerio de Trabajo e Inmigración) |
| Nombre de parte o sección de la obra |
Serie Relaciones laborales |
| Designación de volumen o secuencia |
91 |
| 9 (RLIN) |
34424 |
| 902 ## - CES. TIPO DE DOCUMENTO |
| Tipodoc (006$c Sirtex) |
LIB Libro |
| 942 ## - ELEMENTOS KOHA |
| Fuente de clasificaión o esquema |
Clasificación propia del CES |
| Koha [por defecto] tipo de item |
Monografías |
| Parte de clasificación |
2.0. |